ဩဝါဒကထာ / (Record no. 16730)

000 -LEADER
fixed length control field 01021nam a2200217Ia 4500
003 - CONTROL NUMBER IDENTIFIER
control field OSt
005 - DATE AND TIME OF LATEST TRANSACTION
control field 20241119105814.0
007 - PHYSICAL DESCRIPTION FIXED FIELD--GENERAL INFORMATION
fixed length control field ca aa aaaaa
008 - FIXED-LENGTH DATA ELEMENTS--GENERAL INFORMATION
fixed length control field 201103s9999 xx 000 0 und d
040 ## - CATALOGING SOURCE
Transcribing agency SSBUL
041 ## - LANGUAGE CODE
Language code of text/sound track or separate title bur
082 ## - DEWEY DECIMAL CLASSIFICATION NUMBER
Edition number 23
Classification number ၂၉၄.၃၆၁ ရွှေ
Item number ၉၁၈၇ S-SAT
100 0# - MAIN ENTRY--PERSONAL NAME
Personal name ရွှေဟင်္သာဆရာတော် (ဘဒ္ဒန္တပဏ္ဍိတသိရီ)။
9 (RLIN) 51447
245 10 - TITLE STATEMENT
Title ဩဝါဒကထာ /
Statement of responsibility, etc. ရွှေဟင်္သာဆရာတော် (ဘဒ္ဒန္တပဏ္ဍိတသိရီ)။
260 ## - PUBLICATION, DISTRIBUTION, ETC.
Place of publication, distribution, etc. ရန်ကုန် ၊
Name of publisher, distributor, etc. [မျိုးညွန့်စာပုံနှိပ်တိုက်]၊
Date of publication, distribution, etc. ၁၉၈၂။
300 ## - PHYSICAL DESCRIPTION
Extent ၂၀၄ စာမျက်နှာ ၊
Dimensions ၁၈ စင်တီ။
500 ## - GENERAL NOTE
General note S-KZN: Prof. Kyaw Zaw Naing<br/>S-SAT: Dr. Sai Aung Tun
650 ## - SUBJECT ADDED ENTRY--TOPICAL TERM
Topical term or geographic name entry element ဓမ္မ
General subdivision ဩဝါဒကထာ
9 (RLIN) 51448
Topical term or geographic name entry element ဗုဒ္ဓဘာသာ
General subdivision သြဝါဒ
9 (RLIN) 55316
942 ## - ADDED ENTRY ELEMENTS (KOHA)
Source of classification or shelving scheme
Koha item type Book (Short term)
Holdings
Withdrawn status Lost status Source of classification or shelving scheme Damaged status Not for loan Collection code Permanent Location Current Location Shelving location Date acquired Total Checkouts Full call number Barcode Date last seen Price effective from Koha item type Accession
          Special Collections Shan State Buddhist University Library Shan State Buddhist University Library Special Collection Shelves 15/02/2023   ၂၉၄.၃၆၁ ရွှေ ၉၁၈၇ S-SAT MB00009187 15/02/2023 15/02/2023 Book (Short term) ၉၁၈၇ S-SAT
          Special Collections Shan State Buddhist University Library Shan State Buddhist University Library Special Collection Shelves 15/02/2023   ၂၉၄.၃၆၁ ရွှေ ၁၃၅၂၁ S-KZN MB00013521 10/08/2024 15/02/2023 Book (Short term) ၁၃၅၂၁ S-KZN

Library - 09407999929
Admin Office - 09407999979
Dean Office - 09250910768
Registrar Office - 09892297154
Email - [email protected]
Shan State Buddhist University, Phaya Phyu Taunggyi, Shan State, Myanmar.